LEADER 00951nam a2200229 u 4500 001 000000020018 003 CaOOAMICUS 005 20070226110843.0 008 950219s1940 gw f u000 u ger u 035 $a10484023 040 $aPUL$bita 100 1 $aNötscher, Friedrich,$dn. 1890.$0(OLS)http://pul/name/17464 245 10$aBiblische Altertumskunde ... :$bMit 48 Tafeln. 260 $aBonn :$bP. Hanstein,$c1940. 300 $axviii, 392 p., 1 f. :$btav. ;$c25 cm 490 1 $aDie Heilige Schrift des Alten Testamentes ;$v3 830 4$aDie Heilige Schrift des Alten Testamentes ;$v3.$0(OLS)http://pul/title/2066 850 $aPUL 852 $aPUL$W1$xSL Religione 1$y3$m5 B 47$j7046$nBK-PRI$b $qStampati$B28071$CPULBib$Z2$F28071 $H $81 941 1 $a8 996 $6245$aBiblische Altertumskunde ... :$bMit 48 Tafeln$9(OLS)http://pul/title/28269 996 $6260$aBonn :$bP. Hanstein$9(OLS)http://pul/publisher/48703 LEADER 01392nam a2200289 u 4500 001 000000084029 003 CaOOAMICUS 005 20070226124032.0 008 050607s1969 it u000 u ita u 035 $a11048948 040 $aPUL(R)$bita 041 1 $aita$hfre 100 1 $aBissonnier, Henri,$d1911-$0(OLS)http://pul/name/38143 240 10$aPsychopédagogie de la conscience morale en ses conditionnements normaux et pathologiques.$lItaliano.$0(OLS)http://pul/title/109402 245 10$aPsicologia e morale nella nuova catechesi :$bpsicopedagogia della coscienza morale /$cHenri Bissonnier. 260 $aTorino ; Leumann :$bElle Di Cia,$c1969. 300 $a230 p. ;$c20 cm 490 1 $aFondamenti di una catechesi rinnovata ;$v10 504 $aNote bibliografiche. 650 4$aPsicopedagogia.$0(OLS)http://pul/subject/23236 650 4$aEmozioni$xPsicologia.$0(OLS)http://pul/subject/22116 830 0$aFondamenti di una catechesi rinnovata ;$v10.$0(OLS)http://pul/title/109404 850 $aPUL 852 $aPUL$W1$xDP1 Fondo Cecchetti$y53$m268 L 35$j106891$nBK-PRI$b $qFondi$B106891$CPULBib$Z2$F106891 $H $81 941 1 $a1 996 $6245$aPsicologia e morale nella nuova catechesi :$bpsicopedagogia della coscienza morale$9(OLS)http://pul/title/109403 996 $6260$aTorino ; Leumann :$bElle Di Cia$9(OLS)http://pul/publisher/76690